000 00720nam a2200289Ia 4500
005 20260324130412.0
008 008 260324s9999 xx 000 0 eng d
020 _a9781315798912
037 _aEBOOK
040 _aCRL
040 _beng
040 _cCRL
041 _2eng
041 _aeng
084 _qCRL
100 _aEstelle Shane
_91181629
245 0 _aLove (and Hate) With the Proper Stranger: Affective Honesty and Enactment
245 0 _bPsychoanalytic Inquiry, 26.2
260 _bTaylor and Francis
260 _c2007
365 _a
365 _b290
856 _uhttp://www.taylorfrancis.com/books/9781315798912
942 _cEBOOK
999 _c1777795
_d1777795